[Event "Asian Continental Blitz"]
[Site "Xingtai CHN"]
[Date "2019.06.15"]
[Round "9.5"]
[White "Erigaisi Arjun"]
[Black "Rinat Jumabayev"]
[Result "1-0"]
[EventDate "?"]
[WhiteElo "2526"]
[BlackElo "2625"]
[PlyCount "74"]

1. d4 Nf6 2. Bg5 d5 3. Nd2 Nbd7 4. e3 c5 5. Ngf3 Qb6 6. Rb1 g6 7. Bd3 Bg7 8. c3 O-O 9. O-O Re8 10. Re1 e5 11. dxe5 Nxe5 12. Nxe5 Rxe5 13. Bf4 Re8 14. c4 Be6 15. Qc2 Nh5 16. Bg5 Rac8 17. a3 Qc7 18. Bh4 a6 19. a4 Bf6 20. Bg3 Nxg3 21. hxg3 dxc4 22. Bxc4 Bf5 23. e4 Bg4 24. Nf3 Rcd8 25. Rbd1 Bd4 26. Bd5 Re7 27. Qb3 Kg7 28. Rc1 Bf6 29. Re2 h5 30. Rec2 b6 31. a5 bxa5 32. Rxc5 Qa7 33. Rc6 Rb8 34. Qd3 Bxb2 35. Rxa6 Qd7 36. Rb1 a4 37. Rxb2 1-0

[Event "Asian Continental Blitz"]
[Site "Xingtai CHN"]
[Date "2019.06.15"]
[Round "8.10"]
[White "Chithambaram VR Aravindh"]
[Black "Erigaisi Arjun"]
[Result "0-1"]
[EventDate "?"]
[WhiteElo "2598"]
[BlackElo "2526"]
[PlyCount "94"]

1. d4 Nf6 2. c4 g6 3. Nc3 Bg7 4. e4 d6 5. Bd3 O-O 6. Nge2 e5 7. d5 Nbd7 8. f3 a5 9. Be3 Nc5 10. Bc2 b6 11. h4 Ne8 12. Qd2 f5 13. b3 Nf6 14. h5 f4 15. Bxc5 bxc5 16. hxg6 hxg6 17. Nc1 Nh5 18. Nd3 Bd7 19. O-O-O Kf7 20. a4 Rh8 21. Nb5 Bf6 22. Kb1 Rh7 23. g4 fxg3 24. f4 exf4 25. Nxf4 Bg5 26. e5 Bxf4 27. e6+ Kg8 28. Qd3 Be8 29. Nc3 Be5 30. Ne4 g2 31. Rhg1 Nf4 32. Qd2 Rh3 33. Nf2 Rh4 34. Ne4 Rb8 35. Ka2 Bxa4 36. Rxg2 Nxg2 37. Qxg2 Be8 38. Rf1 a4 39. b4 cxb4 40. Bd3 b3+ 41. Ka3 b2 42. Ng5 Rb3+ 43. Ka2 Rxd3 44. Nf7 b1=Q+ 45. Rxb1 Bxf7 46. exf7+ Kxf7 47. Rf1+ Kg7 0-1

[Event "Asian Continental blitz op"]
[Site "Xingtai"]
[Date "2019.06.15"]
[Round "6"]
[White "Renjie Huang"]
[Black "Arjun Erigaisi"]
[Result "0-1"]
[EventDate "?"]
[WhiteElo "2327"]
[BlackElo "2526"]
[Source "chessbites.com; date by Chess Assistant 21"]
[PlyCount "76"]

1. e4 e6 2. d3 d5 3. Nd2 Nf6 4. g3 g6 5. Bg2 Bg7 6. Ne2 c5 7. O-O O-O 8. f4 Ng4 9. Nf3 dxe4 10. dxe4 Qb6 11. c4 Rd8 12. Qb3 Nc6 13. h3 Nf6 14. Nc3 Nd4 15. Qxb6 axb6 16. e5 Ne8 17. Nxd4 Rxd4 18. b3 f6 19. Nb5 Rd3 20. Be4 Rxg3+ 21. Kh2 Rxb3 22. axb3 Rxa1 23. Rd1 fxe5 24. Rd8 Kf7 25. Bd2 Ra2 26. Kg3 Nf6 27. Bf3 e4 28. Rxc8 Rxd2 29. Rc7+ Kg8 30. Bg4 Rd3+ 31. Kf2 Nxg4+ 32. hxg4 Rxb3 33. Nd6 Bd4+ 34. Ke2 Rb2+ 35. Ke1 Bc3+ 36. Kf1 e3 37. Rc8+ Kg7 38. Rc7+ Kf8 0-1

[Event "Asian Continental blitz op"]
[Site "Xingtai"]
[Date "2019.06.15"]
[Round "7"]
[White "Arjun Erigaisi"]
[Black "Yi Lin"]
[Result "1-0"]
[EventDate "?"]
[WhiteElo "2526"]
[BlackElo "2396"]
[Source "chessbites.com; date by Chess Assistant 21"]
[PlyCount "82"]

1. d4 Nf6 2. Bg5 d5 3. Nd2 e6 4. e3 c5 5. c3 Nc6 6. f4 Be7 7. Bd3 h6 8. Bh4 O-O 9. Ngf3 b6 10. Ne5 Nxe5 11. fxe5 Nd7 12. Bg3 a5 13. Qe2 Bb7 14. Nf3 Qc8 15. b3 a4 16. Rc1 axb3 17. axb3 Ra3 18. Bb1 Rd8 19. O-O Ba6 20. c4 Nf8 21. Qb2 cxd4 22. cxd5 Qa8 23. d6 Bxd6 24. exd6 Bxf1 25. Rxf1 dxe3 26. Ne5 f6 27. Nc4 Ra7 28. Nxb6 Qc6 29. Nc4 Rb7 30. Qe2 Qb5 31. Bc2 e5 32. Qxe3 Rbd7 33. Qe4 Qb7 34. Rd1 Qxe4 35. Bxe4 Ne6 36. Bd5 Kf7 37. b4 Rb8 38. b5 Rxb5 39. Bc6 Rc5 40. Bxd7 Rxc4 41. Bxe6+ 1-0

[Event "Asian Continental"]
[Site "Xingtai CHN"]
[Date "2019.06.13"]
[Round "7.17"]
[White "Arjun Erigaisi"]
[Black "Paulo Bersamina"]
[Result "1-0"]
[EventDate "2019.06.07"]
[WhiteElo "2526"]
[BlackElo "2446"]
[PlyCount "69"]

1. d4 Nf6 2. Bg5 Ne4 3. Bf4 Nc6 4. f3 g5 5. Bc1 Nd6 6. Bxg5 Rg8 7. Nh3 h6 8. Bc1 Nf5 9. d5 Ne5 10. e4 Nh4 11. f4 Ng4 12. g3 e5 13. dxe6 fxe6 14. Qe2 b6 15. Nc3 a5 16. gxh4 Qxh4+ 17. Kd2 Bc5 18. Nb5 Kd8 19. c4 Ne3 20. Kd3 Nxf1 21. Qxf1 d5 22. Be3 Bxe3 23. Kxe3 e5 24. cxd5 Bxh3 25. Qf2 Qxf2+ 26. Kxf2 Rg2+ 27. Kf3 Kd7 28. fxe5 Rf8+ 29. Ke3 Rff2 30. Nd4 Rxb2 31. Rhf1 Rxh2 32. Rf7+ Kd8 33. e6 Rxa2 34. Rxa2 Rxa2 35. Nc6+ 1-0

[Event "Asian Continental"]
[Site "Xingtai CHN"]
[Date "2019.06.12"]
[Round "6.11"]
[White "Sunilduth Lyna Narayanan"]
[Black "Arjun Erigaisi"]
[Result "1-0"]
[EventDate "2019.06.07"]
[WhiteElo "2603"]
[BlackElo "2526"]
[PlyCount "57"]

1. d4 Nf6 2. c4 e6 3. Nf3 d5 4. Nc3 Bb4 5. cxd5 exd5 6. Bf4 Ne4 7. Rc1 Nc6 8. Nd2 Bf5 9. Ndxe4 Bxe4 10. e3 O-O 11. a3 Bxc3+ 12. Rxc3 Rc8 13. f3 Bf5 14. Be2 Ne7 15. Qb3 Ng6 16. Bg3 h5 17. Qxb7 c5 18. Rxc5 Rxc5 19. dxc5 Re8 20. O-O Rxe3 21. Ba6 Qf6 22. Qxd5 h4 23. Bc7 Qxa6 24. Qxf5 Re2 25. Bd6 Qc4 26. h3 Qd4+ 27. Kh1 Qxb2 28. c6 Rxg2 29. Rb1 1-0

[Event "Asian Continental"]
[Site "Xingtai CHN"]
[Date "2019.06.11"]
[Round "5.19"]
[White "Harshit Raja"]
[Black "Arjun Erigaisi"]
[Result "0-1"]
[EventDate "2019.06.07"]
[WhiteElo "2437"]
[BlackElo "2526"]
[PlyCount "156"]

1. e4 Nf6 2. e5 Nd5 3. d4 d6 4. Nf3 g6 5. c4 Nb6 6. Be2 Bg7 7. O-O O-O 8. Nc3 Nc6 9. exd6 cxd6 10. Be3 Bg4 11. b3 d5 12. c5 Nc8 13. b4 a6 14. Rb1 e6 15. a4 N8e7 16. b5 axb5 17. axb5 Na5 18. Bf4 Bxf3 19. Bxf3 Nc4 20. Be2 Qa5 21. Rc1 Nf5 22. Bxc4 dxc4 23. Be5 Rfd8 24. Bxg7 Kxg7 25. Qf3 Nxd4 26. Qxb7 Nb3 27. Rc2 Nxc5 28. Qf3 Rac8 29. h3 Nb3 30. Ra2 Qc7 31. Ne4 Qe7 32. b6 Nd4 33. Qc3 Qb7 34. Nd2 Qxb6 35. Nxc4 Qb5 36. Rc1 e5 37. Kh2 Rd5 38. Rb2 Qc6 39. Ne3 Qxc3 40. Rxc3 Rxc3 41. Nxd5 Rc5 42. Ne3 Rc7 43. Rb4 Ra7 44. f4 exf4 45. Nd5 Nf5 46. Nxf4 Ra2 47. Re4 h5 48. Ne2 Rd2 49. Ng3 Nd4 50. Nf1 Rd1 51. Ne3 Rd3 52. Re5 Rd2 53. Nf1 Rf2 54. Re4 Ne2 55. Ne3 f5 56. Re7+ Kf6 57. Re8 Nc3 58. Kg1 Ra2 59. Rc8 Ne4 60. Rc6+ Kg7 61. Rc7+ Kh6 62. Rc2 Ra1+ 63. Kh2 h4 64. Rc4 Kg5 65. Rd4 Re1 66. Nc2 Rb1 67. Ne3 Nf2 68. g3 hxg3+ 69. Kxg3 Ne4+ 70. Kh2 Rb2+ 71. Ng2 Re2 72. Rd5 Ra2 73. Rb5 Nd2 74. h4+ Kg4 75. Rb4+ Ne4 76. Rb6 f4 77. Rxg6+ Kf3 78. h5 Ng3 0-1

[Event "Asian Continental"]
[Site "Xingtai CHN"]
[Date "2019.06.10"]
[Round "4.7"]
[White "Arjun Erigaisi"]
[Black "Baskaran Adhiban"]
[Result "0-1"]
[EventDate "2019.06.07"]
[WhiteElo "2526"]
[BlackElo "2676"]
[PlyCount "84"]

1. d4 Nf6 2. c4 g6 3. g3 Bg7 4. Bg2 O-O 5. Nc3 d6 6. Nf3 Nbd7 7. O-O e5 8. e4 exd4 9. Nxd4 Nc5 10. h3 Re8 11. Re1 Bd7 12. Kh2 h6 13. f4 a5 14. b3 h5 15. Bb2 a4 16. bxa4 Nxa4 17. Nxa4 Bxa4 18. Qd2 Nd7 19. Nb3 Bxb2 20. Qxb2 Bc6 21. Qf2 Qf6 22. Rac1 Ra3 23. c5 Ra4 24. cxd6 cxd6 25. Rcd1 h4 26. Rd4 hxg3+ 27. Kxg3 Nc5 28. Re2 g5 29. Rxa4 Nd3 30. e5 Qg7 31. Qf1 Bxa4 32. exd6 gxf4+ 33. Kh2 Qg3+ 34. Kg1 Re3 35. Nd2 Rxe2 36. Qxe2 Qe3+ 37. Qxe3 fxe3 38. Nf3 e2 39. h4 Bc6 40. Bf1 exf1=Q+ 41. Kxf1 f6 42. Ke2 Ne5 0-1

[Event "Asian Continental"]
[Site "Xingtai CHN"]
[Date "2019.06.09"]
[Round "3.6"]
[White "Arjun Erigaisi"]
[Black "Ngoc Truongson Nguyen"]
[Result "1/2-1/2"]
[EventDate "2019.06.07"]
[WhiteElo "2526"]
[BlackElo "2639"]
[PlyCount "90"]

1. e4 c5 2. Nf3 d6 3. d4 cxd4 4. Nxd4 Nf6 5. Nc3 a6 6. Bc4 e6 7. Bb3 Qc7 8. O-O Be7 9. f4 Nc6 10. Be3 O-O 11. f5 Nxd4 12. Bxd4 b5 13. a3 Rb8 14. Qd3 b4 15. axb4 Rxb4 16. fxe6 fxe6 17. Ne2 Bd7 18. Qg3 Kh8 19. Rxa6 e5 20. Ra7 Rb7 21. Rxb7 Qxb7 22. Be3 Bb5 23. Bd5 Qa6 24. c4 Bxc4 25. Bxc4 Qxc4 26. Nc3 Qxf1+ 27. Kxf1 Nxe4+ 28. Qf3 Rxf3+ 29. gxf3 Nxc3 30. bxc3 Kg8 31. Ke2 Kf7 32. Kd3 Ke6 33. c4 Kf5 34. Bd2 Bd8 35. Bb4 Bc7 36. Ke3 Bb6+ 37. Kd3 Bc5 38. Bd2 Bg1 39. h3 Bc5 40. Bc1 Bd4 41. Bd2 Bc5 42. Bc1 Kg6 43. Bd2 Kh5 44. Be1 Kg5 45. Ke4 Kf6 1/2-1/2

[Event "Asian Continental"]
[Site "Xingtai CHN"]
[Date "2019.06.08"]
[Round "2.22"]
[White "Albert Winkelman"]
[Black "Arjun Erigaisi"]
[Result "0-1"]
[EventDate "2019.06.07"]
[WhiteElo "2176"]
[BlackElo "2526"]
[PlyCount "72"]

1. e4 c5 2. Nf3 e6 3. d4 cxd4 4. Nxd4 a6 5. Qf3 Qc7 6. Qg3 d6 7. Nc3 b5 8. a3 Bb7 9. Be3 Nf6 10. f3 Nbd7 11. Nb3 Rc8 12. O-O-O Ne5 13. Qf2 d5 14. Bb6 Qb8 15. Ba7 Qc7 16. Bb6 Qd6 17. Qe3 Be7 18. Bd4 dxe4 19. f4 Neg4 20. Qg3 Qc7 21. h3 Bd6 22. Kb1 Bxf4 23. Qe1 Ne5 24. Nc5 O-O 25. Nxb7 Qxb7 26. Qf2 Ng6 27. g3 Be5 28. Bg2 Bxd4 29. Rxd4 Rxc3 30. bxc3 Ne5 31. Rhd1 Qe7 32. Rb4 Nd5 33. Rb3 f5 34. g4 e3 35. Qe2 f4 36. Bf3 Qc5 0-1

[Event "Asian Continental"]
[Site "Xingtai CHN"]
[Date "2019.06.07"]
[Round "1.27"]
[White "Arjun Erigaisi"]
[Black "Paul Srijit"]
[Result "1/2-1/2"]
[EventDate "2019.06.07"]
[WhiteElo "2526"]
[BlackElo "2361"]
[PlyCount "74"]

1. Nf3 d5 2. c4 e6 3. d4 c6 4. Bg5 Nf6 5. Nc3 h6 6. Bxf6 Qxf6 7. e3 Nd7 8. Bd3 Bb4 9. O-O Bxc3 10. bxc3 O-O 11. e4 dxe4 12. Bxe4 e5 13. Re1 exd4 14. cxd4 Nb6 15. c5 Nd7 16. Qc2 Qf4 17. Ne5 Nxe5 18. dxe5 Kh8 19. Qc3 f6 20. Bf3 fxe5 21. Rxe5 Qf6 22. Qe3 Bf5 23. Re1 Rad8 24. Re7 Rf7 25. Rxf7 Qxf7 26. h4 Bg6 27. Qa3 Bh5 28. Bxh5 Qxh5 29. Qxa7 Rd1 30. Rxd1 Qxd1+ 31. Kh2 Qd4 32. Kg1 Qa1+ 33. Kh2 Qe5+ 34. g3 Qf5 35. Kg2 Qe4+ 36. Kh2 Qf5 37. Kg1 Qb1+ 1/2-1/2

[Event "Chennai op 11th"]
[Site "Chennai"]
[Date "2019.01.21"]
[Round "5"]
[White "Maran K Senthil"]
[Black "Arjun Erigaisi"]
[Result "0-1"]
[EventDate "?"]
[WhiteElo "2183"]
[BlackElo "2548"]
[Source "chessbites.com; date by Chess Assistant 21"]
[PlyCount "84"]

1. Nf3 Nf6 2. d4 b6 3. g3 Bb7 4. Bg2 g6 5. O-O Bg7 6. c4 O-O 7. Nc3 Ne4 8. Bd2 c5 9. e3 d6 10. Rc1 Nd7 11. d5 Nxd2 12. Qxd2 a6 13. a4 Qc7 14. e4 Ne5 15. Nxe5 Bxe5 16. f4 Bd4+ 17. Kh1 e6 18. f5 exf5 19. exf5 Rae8 20. Ne4 f6 21. fxg6 Re7 22. gxh7+ Rxh7 23. Rf4 Be5 24. Rf3 Bc8 25. Rcf1 Qg7 26. Ng5 Qh6 27. h3 Rff7 28. Ne4 Qg6 29. Nf2 Rfg7 30. Kg1 Bd4 31. Qf4 Be5 32. Qd2 Bd7 33. b3 Rh6 34. g4 f5 35. Nd3 Bd4+ 36. Kh1 Qxg4 37. Nf4 Be5 38. Ne6 Bxe6 39. dxe6 f4 40. Rxf4 Bxf4 41. Rxf4 Rxh3+ 42. Bxh3 Qg1# 0-1

[Event "Chennai op 11th"]
[Site "Chennai"]
[Date "2019.01.21"]
[Round "6"]
[White "Arjun Erigaisi"]
[Black "A L Muthaiah"]
[Result "1-0"]
[EventDate "?"]
[WhiteElo "2548"]
[BlackElo "2406"]
[Source "chessbites.com; date by Chess Assistant 21"]
[PlyCount "72"]

1. d4 d5 2. c4 e6 3. Nf3 Nf6 4. g3 Bb4+ 5. Bd2 Bd6 6. Nc3 c6 7. Qc2 O-O 8. e4 Nxe4 9. Nxe4 dxe4 10. Qxe4 Nd7 11. Bc3 Re8 12. Bg2 e5 13. O-O Nf6 14. Qc2 exd4 15. Bxd4 Bg4 16. Rad1 Bxf3 17. Bxf3 Qe7 18. Qb3 a5 19. Rfe1 Qxe1+ 20. Rxe1 Rxe1+ 21. Kg2 Re7 22. c5 Bb8 23. Bxf6 gxf6 24. Be4 Ba7 25. Bb1 Rd8 26. Qc2 Kf8 27. Qxh7 Re2 28. Bd3 Rxb2 29. Bc4 Rd7 30. Be6 fxe6 31. Qxd7 Bxc5 32. h4 Bxf2 33. Qxe6 Kg7 34. Kh3 Rb5 35. Qe2 Bd4 36. Qg4+ 1-0

[Event "New Delhi Parsvnath op-A 17th"]
[Site "New Delhi"]
[Date "2019.01.15"]
[Round "9"]
[White "Arjun Erigaisi"]
[Black "Marat Dzhumaev"]
[Result "1-0"]
[EventDate "?"]
[WhiteElo "2548"]
[BlackElo "2437"]
[Source "chessbites.com; date by Chess Assistant 21"]
[PlyCount "64"]

1. d4 d6 2. Nf3 Nf6 3. g3 g6 4. Bg2 Bg7 5. O-O O-O 6. c4 Nc6 7. Nc3 a6 8. h3 Bf5 9. g4 Bd7 10. e4 e5 11. Be3 h5 12. g5 Ng4 13. hxg4 hxg4 14. dxe5 gxf3 15. Bxf3 dxe5 16. Bg4 Nd4 17. Kg2 Be6 18. Bxe6 fxe6 19. Qg4 Qe7 20. Rad1 Rf7 21. Rh1 Qb4 22. Rd2 Qxc4 23. Qh4 b5 24. Qh7+ Kf8 25. Qxg6 Ke7 26. Rh7 Rg8 27. Ne2 Nxe2 28. Rd7+ Kxd7 29. Qxf7+ Kc6 30. Qxg8 Qxe4+ 31. Kh2 Nf4 32. Qa8+ 1-0

[Event "New Delhi Parsvnath op-A 17th"]
[Site "New Delhi"]
[Date "2019.01.10"]
[Round "2"]
[White "P Catherina Michelle"]
[Black "Arjun Kumar Erigaisi"]
[Result "0-1"]
[EventDate "?"]
[WhiteElo "2175"]
[BlackElo "2548"]
[Source "chessbites.com"]
[PlyCount "76"]

1. e4 c5 2. Nf3 d6 3. d4 cxd4 4. Nxd4 Nf6 5. Nc3 a6 6. h3 e6 7. g4 Nfd7 8. Bg2 Nc6 9. Be3 Qc7 10. Qe2 b5 11. O-O Bb7 12. f4 Be7 13. g5 Rc8 14. Rf2 b4 15. Nd1 Nxd4 16. Bxd4 e5 17. Be3 Nc5 18. Bxc5 dxc5 19. Ne3 exf4 20. Nf5 O-O 21. Qg4 c4 22. Nxe7+ Qxe7 23. Rxf4 Rc5 24. h4 Bc8 25. Qf3 c3 26. b3 Be6 27. Bh3 Rd8 28. Rf1 Rc7 29. Bxe6 Qxe6 30. Rf5 Rd2 31. Rd5 Rd7 32. Rd1 R7xd5 33. exd5 Rxd1+ 34. Qxd1 Qe3+ 35. Kf1 Qh3+ 36. Kg1 Qxh4 37. d6 Qxg5+ 38. Kf1 Qd2 0-1

[Event "World ol U16"]
[Site "Konya"]
[Date "2018.12.01"]
[Round "8.3"]
[White "Abdulla Gadimbayli"]
[Black "Arjun Erigaisi"]
[Result "0-1"]
[EventDate "?"]
[WhiteElo "2419"]
[BlackElo "2531"]
[Source "chessbites.com; date by Chess Assistant 21"]
[PlyCount "106"]

1. e4 e6 2. d4 d5 3. exd5 exd5 4. Nf3 Nf6 5. h3 Bd6 6. Bd3 O-O 7. O-O Re8 8. Nc3 c6 9. Re1 Nbd7 10. Rxe8+ Qxe8 11. Qe2 b6 12. Qxe8+ Nxe8 13. Ne2 f6 14. Bf4 Nf8 15. a4 a5 16. Nd2 Kf7 17. Rb1 Ba6 18. Bxa6 Rxa6 19. b3 Bb4 20. Nf1 Ne6 21. Bd2 Ke7 22. c3 Bd6 23. Ne3 Kd7 24. c4 N8c7 25. cxd5 Nxd5 26. Nxd5 cxd5 27. b4 axb4 28. Bxb4 Bxb4 29. Rxb4 Kc6 30. f3 h5 31. g3 Ra8 32. Kf2 g5 33. Kg2 h4 34. g4 Nf4+ 35. Nxf4 gxf4 36. Kf2 Ra5 37. Ke2 b5 38. axb5+ Rxb5 39. Ra4 Rb2+ 40. Kd3 Rb3+ 41. Kc2 Rxf3 42. Ra6+ Kb5 43. Rxf6 Kc4 44. Kd2 Kxd4 45. Ke2 Rxh3 46. Rxf4+ Ke5 47. Rf8 Rg3 48. Re8+ Kf4 49. Rd8 h3 50. Rxd5 h2 51. Rh5 Rg2+ 52. Kd3 Kxg4 53. Rh8 Rg3+ 0-1

[Event "World ol U16"]
[Site "Konya"]
[Date "2018.11.30"]
[Round "6"]
[White "Arjun Erigaisi"]
[Black "Nodirbek Abdusattorov"]
[Result "1-0"]
[EventDate "?"]
[WhiteElo "2531"]
[BlackElo "2560"]
[Source "chessbites.com; date by Chess Assistant 21"]
[PlyCount "102"]

1. e4 e5 2. Nf3 Nc6 3. Bb5 Nf6 4. d3 Bc5 5. c3 O-O 6. O-O d6 7. Nbd2 a6 8. Bxc6 bxc6 9. d4 exd4 10. cxd4 Ba7 11. Qc2 Re8 12. Re1 c5 13. d5 Bd7 14. Nc4 h6 15. Bd2 Qe7 16. Ba5 Nxe4 17. Bxc7 Bf5 18. Nxd6 Nxd6 19. Rxe7 Bxc2 20. Bxd6 Red8 21. Rc1 Rxd6 22. Rxc2 Rxd5 23. g3 Bb6 24. Ne5 Rc8 25. Nc4 Rc6 26. Rce2 g6 27. Rb7 Bd8 28. Re8+ Kg7 29. Ne5 Rd1+ 30. Kg2 Rf6 31. Rd7 Rxd7 32. Nxd7 Rd6 33. Rxd8 c4 34. Kf3 g5 35. h3 h5 36. a4 a5 37. Ke4 Rd2 38. f4 h4 39. gxh4 gxf4 40. Kxf4 Rf2+ 41. Kg3 Rxb2 42. Rc8 Rb4 43. Ne5 Rxa4 44. Nxc4 Ra1 45. Ra8 a4 46. Ra6 Rg1+ 47. Kh2 Ra1 48. Nb6 a3 49. Nc4 a2 50. Ne3 f5 51. Nxf5+ 1-0

[Event "World ol U16"]
[Site "Konya"]
[Date "2018.11.30"]
[Round "7.4"]
[White "Andrey Esipenko"]
[Black "Arjun Erigaisi"]
[Result "0-1"]
[EventDate "?"]
[WhiteElo "2609"]
[BlackElo "2531"]
[Source "chessbites.com; date by Chess Assistant 21"]
[PlyCount "104"]

1. d4 Nf6 2. Nf3 d5 3. c4 c6 4. Nc3 e6 5. e3 Nbd7 6. Bd3 dxc4 7. Bxc4 b5 8. Bd3 Bb7 9. O-O a6 10. e4 c5 11. d5 c4 12. Bc2 Qc7 13. dxe6 fxe6 14. Ne2 e5 15. Ng3 Bc5 16. Qe2 O-O 17. a4 Kh8 18. b3 c3 19. Ng5 Qc6 20. axb5 axb5 21. Rxa8 Bxa8 22. Bd3 b4 23. Bc4 h6 24. Ne6 Rc8 25. Qf3 Bf8 26. Rd1 Bb7 27. Qe2 Ra8 28. Qc2 Nb6 29. Nxf8 Nxc4 30. Ng6+ Kh7 31. Ne7 Qe6 32. Nd5 Na3 33. Bxa3 Rxa3 34. h3 Kh8 35. Nxf6 Qxf6 36. Nf5 Bc8 37. Ne3 Be6 38. Nd5 Qf8 39. Kh2 Qa8 40. Qd3 Rxb3 41. Nc7 Qc8 42. Qd6 Bg8 43. Rc1 Rb2 44. Qxe5 Rxf2 45. Nd5 Qf8 46. Kg3 Bxd5 47. exd5 Rd2 48. Kh2 Qd8 49. Rb1 Rxd5 50. Qf4 Rd4 51. Qg3 c2 52. Rc1 Rd3 0-1

[Event "World ol U16"]
[Site "Konya"]
[Date "2018.11.26"]
[Round "2.6"]
[White "Arjun Erigaisi"]
[Black "Kayra Kamer"]
[Result "1-0"]
[EventDate "?"]
[WhiteElo "2531"]
[BlackElo "2290"]
[Source "chessbites.com; date by Chess Assistant 21"]
[PlyCount "62"]

1. d4 Nf6 2. c4 g6 3. Nc3 Bg7 4. e4 d6 5. Be2 O-O 6. Bg5 c5 7. d5 e6 8. Nf3 exd5 9. cxd5 Bg4 10. Nd2 Bxe2 11. Qxe2 Re8 12. O-O a6 13. a4 Nbd7 14. f4 Qc7 15. Qf3 b5 16. axb5 axb5 17. Rxa8 Rxa8 18. e5 Ne8 19. e6 Ndf6 20. f5 h6 21. fxg6 fxg6 22. Bxf6 Nxf6 23. Nde4 Nxe4 24. Qxe4 Bd4+ 25. Kh1 Qg7 26. Nxb5 Be5 27. g3 Rb8 28. Rf7 Rxb5 29. Qa4 Rb8 30. Rxg7+ Bxg7 31. Qd7 1-0

[Event "25th Abu Dhabi Masters"]
[Site "Abu Dhabi UAE"]
[Date "2018.08.14"]
[Round "8.12"]
[White "Sanan Sjugirov"]
[Black "Erigaisi Arjun"]
[Result "1/2-1/2"]
[EventDate "?"]
[WhiteElo "2677"]
[BlackElo "2517"]
[PlyCount "110"]

1. e4 c5 2. Nf3 d6 3. d4 cxd4 4. Nxd4 Nf6 5. Nc3 a6 6. Be3 e5 7. Nf3 Be7 8. Bc4 O-O 9. O-O Nc6 10. Qe2 Na5 11. Bb3 Be6 12. Rfd1 Nxb3 13. cxb3 Qe8 14. Bg5 Nh5 15. Nh4 Bxg5 16. Qxh5 Bxh4 17. Qxh4 Qd8 18. Qg3 Rc8 19. Rd2 Rc6 20. Rad1 Qc7 21. h3 b5 22. b4 f6 23. Kh2 Rd8 24. Qe3 Qb6 25. Qe2 Rc4 26. a3 Rc6 27. Nd5 Qa7 28. Ne3 Qc7 29. Qf3 Bb3 30. Rg1 Rc1 31. Rxc1 Qxc1 32. Qe2 Qc7 33. Qg4 Kh8 34. Rd3 Qf7 35. f4 Be6 36. f5 Bc8 37. Qd1 Qd7 38. Nd5 Bb7 39. Rc3 Bxd5 40. Qxd5 h6 41. b3 Rc8 42. Rd3 Qa7 43. Qxd6 Rc1 44. Rd1 Qe3 45. Qd2 Qxd2 46. Rxd2 Re1 47. Rd6 Rxe4 48. Rxa6 Re3 49. Rb6 Rxb3 50. Rxb5 Rxa3 51. Rb8+ Kh7 52. b5 Rb3 53. h4 h5 54. b6 g6 55. fxg6+ 1/2-1/2

[Event "Abu Dhabi op 25th"]
[Site "Abu Dhabi"]
[Date "2018.08.11"]
[Round "4"]
[White "Rakesh Kumar Jena"]
[Black "Arjun Erigaisi"]
[Result "0-1"]
[EventDate "?"]
[WhiteElo "2385"]
[BlackElo "2517"]
[Source "chessbites.com; date by Chess Assistant 21"]
[PlyCount "76"]

1. Nf3 c5 2. g3 g6 3. Bg2 Bg7 4. O-O Nc6 5. e4 d6 6. Nc3 e5 7. d3 Nge7 8. Nd2 O-O 9. Nc4 Be6 10. Nb5 d5 11. exd5 Nxd5 12. Nbd6 b6 13. Ne4 h6 14. Ne3 Nde7 15. a4 Rb8 16. Nd2 Qd7 17. Nec4 f5 18. Re1 Rbd8 19. Ra3 f4 20. b3 Bg4 21. f3 Be6 22. Bb2 Nf5 23. g4 Nh4 24. Qe2 Rde8 25. Qf2 Nxg2 26. Kxg2 Bd5 27. Re4 Nb4 28. Nb1 Bxe4 29. dxe4 Qd1 30. Nc3 Qxc2 31. a5 Rd8 32. axb6 axb6 33. Qxc2 Nxc2 34. Ra6 Ne3+ 35. Kh3 Nxc4 36. bxc4 Rd3 37. Rxb6 Rxf3+ 38. Kg2 Rd3 0-1

[Event "Abu Dhabi op 25th"]
[Site "Abu Dhabi"]
[Date "2018.08.08"]
[Round "2"]
[White "Ravi Rakshitta"]
[Black "Arjun Erigaisi"]
[Result "0-1"]
[EventDate "?"]
[WhiteElo "2198"]
[BlackElo "2517"]
[Source "chessbites.com; date by Chess Assistant 21"]
[PlyCount "72"]

1. e4 c5 2. Nc3 e6 3. Nf3 a6 4. g3 d6 5. Bg2 Nc6 6. d4 cxd4 7. Nxd4 Qc7 8. O-O Nf6 9. Re1 Be7 10. Nxc6 bxc6 11. e5 dxe5 12. Qe2 Nd7 13. b3 O-O 14. Bb2 Bb7 15. Ne4 Rfe8 16. Rad1 Nb6 17. Qh5 Nd7 18. Ng5 Bxg5 19. Qxg5 f6 20. Qd2 Nb6 21. Qd6 Rac8 22. c4 c5 23. Qxc7 Rxc7 24. Bxb7 Rxb7 25. Rd6 Nxc4 26. bxc4 Rxb2 27. Rxa6 Rd8 28. Rc6 Rdd2 29. Rf1 Rxa2 30. Rxc5 e4 31. Rc7 e3 32. Rb1 exf2+ 33. Kg2 h5 34. c5 e5 35. c6 Rdc2 36. Rbb7 f1=Q+ 0-1

[Event "Biel MTO op 51st"]
[Site "Biel"]
[Date "2018.08.01"]
[Round "9"]
[White "Arjun Erigaisi"]
[Black "Sumiya Chinguun"]
[Result "1-0"]
[EventDate "?"]
[WhiteElo "2499"]
[BlackElo "2162"]
[Source "chessbites.com; date by Chess Assistant 21"]
[PlyCount "130"]

1. d4 Nf6 2. c4 c5 3. d5 b5 4. cxb5 a6 5. bxa6 g6 6. Nc3 Bg7 7. e4 Qa5 8. Bd2 O-O 9. Be2 d6 10. a7 Qxa7 11. Nf3 Ba6 12. O-O Bxe2 13. Qxe2 Qa6 14. Qd1 Nbd7 15. h3 Rfb8 16. Qc2 Nb6 17. b3 Ne8 18. Bg5 Rb7 19. Bc1 Rab8 20. Rb1 c4 21. Be3 Bxc3 22. Qxc3 Qxa2 23. Nd4 cxb3 24. Nc6 Na4 25. Qc4 Ra8 26. Bd4 f6 27. Ra1 Qc2 28. Rxa4 Qxc4 29. Rxc4 b2 30. Rb4 Rxb4 31. Nxb4 Ra4 32. Nc6 e5 33. Bxb2 Rxe4 34. Rc1 Re2 35. Ba3 Rd2 36. Bb4 Rd3 37. Ra1 Kf8 38. Ra5 Rd1+ 39. Kh2 h5 40. Nd8 f5 41. Ne6+ Ke7 42. Ra7+ Kf6 43. h4 f4 44. Ng5 Kf5 45. f3 e4 46. Rf7+ Ke5 47. Re7+ Kxd5 48. fxe4+ Kc4 49. Rxe8 Kxb4 50. Re6 d5 51. exd5 Rxd5 52. Rxg6 Kc3 53. Rf6 Kd3 54. Rxf4 Ke3 55. Kg3 Rd6 56. Re4+ Kd3 57. Re6 Rd4 58. Rh6 Rg4+ 59. Kh3 Ke3 60. Rxh5 Ra4 61. Kg3 Kd4 62. Nf3+ Ke4 63. Re5+ Kd3 64. h5 Ra6 65. Kh4 1-0

[Event "51st Biel Master Open"]
[Site "Biel SUI"]
[Date "2018.07.31"]
[Round "8.8"]
[White "Erigaisi Arjun"]
[Black "Evgeny Romanov"]
[Result "0-1"]
[EventDate "?"]
[WhiteElo "2499"]
[BlackElo "2636"]
[PlyCount "92"]

1. Nf3 Nf6 2. c4 b6 3. g3 Bb7 4. Bg2 g6 5. O-O Bg7 6. d4 O-O 7. d5 Na6 8. Nc3 Nc5 9. Nd4 e5 10. Nc2 a5 11. b3 d6 12. Rb1 h5 13. e4 Bc8 14. Bg5 Qe8 15. Na3 Nh7 16. Be3 f5 17. Nab5 Qe7 18. exf5 Bxf5 19. Bxc5 bxc5 20. Ne4 h4 21. Qe2 Qd7 22. Qe3 g5 23. f3 h3 24. Bh1 Rf7 25. Rb2 Raf8 26. Rff2 Bh6 27. Qe1 Bg6 28. Nbc3 Nf6 29. Nxf6+ Rxf6 30. Ne4 R6f7 31. g4 Bxe4 32. Qxe4 Rf4 33. Qg6+ Qg7 34. Qh5 e4 35. Qxh3 exf3 36. Qh5 Qd4 37. Bxf3 Bg7 38. Rd2 Qc3 39. Rc2 Qf6 40. Be4 Qa1+ 41. Kg2 Rxe4 42. Rxf8+ Kxf8 43. Qxg5 Qe5 44. Qd8+ Kf7 45. Rf2+ Kg6 46. Qh4 Re3 0-1

[Event "Biel MTO op 51st"]
[Site "Biel"]
[Date "2018.07.29"]
[Round "6"]
[White "Arjun Erigaisi"]
[Black "Murali Karthikeyan"]
[Result "1-0"]
[EventDate "?"]
[WhiteElo "2499"]
[BlackElo "2609"]
[Source "chessbites.com; date by Chess Assistant 21"]
[PlyCount "92"]

1. d4 Nf6 2. c4 e6 3. g3 d5 4. Bg2 Be7 5. Nf3 O-O 6. O-O dxc4 7. Ne5 Nc6 8. Nxc6 bxc6 9. Na3 Bxa3 10. bxa3 Nd5 11. Qa4 Nb6 12. Qa5 Rb8 13. Rd1 Nd5 14. e4 Rb5 15. Qd2 Nb6 16. a4 Nxa4 17. Qc2 Ra5 18. Ba3 c5 19. dxc5 Qf6 20. Bb4 Ra6 21. Bf1 e5 22. Bxc4 Bh3 23. Bxa6 Qxa6 24. c6 Re8 25. Rd3 Nb6 26. a4 Be6 27. Rc1 Rb8 28. Be7 f6 29. Rd8+ Rxd8 30. Bxd8 Nc4 31. Bxc7 Qxc6 32. Ba5 h5 33. h4 Kh7 34. Be1 a6 35. a5 Kg6 36. Qd3 Qc5 37. Kh2 Kh7 38. Rc2 Kg6 39. f4 exf4 40. gxf4 Kh7 41. e5+ f5 42. Qd6 Qc8 43. Qe7 Bd5 44. Rc3 Qg8 45. Rg3 Bc6 46. e6 1-0